000 00703nam a2200289Ia 4500
005 20260324141338.0
008 008 260324s9999 xx 000 0 eng d
020 _a9781315810232
037 _aEBOOK
040 _aCRL
040 _beng
040 _cCRL
041 _2eng
041 _aeng
084 _qCRL
100 _aM. Tamarkin
_91207847
245 0 _aCecil Rhodes and the Cape Afrikaners
245 4 _bThe Imperial Colossus and the Colonial Parish Pump
260 _bTaylor and Francis
260 _c1997
365 _a
365 _b235
856 _uhttp://www.taylorfrancis.com/books/9781315810232
942 _cEBOOK
999 _c1810828
_d1810828